Le plus Grands Groupes D'immigrés en France - Statistiques

Statistiques générales
  • Ce quiz a été pris 2 043 fois
    2 000 depuis la dernière actualisation
  • Le résultat moyen est 14 sur 20
Statistiques - réponses
# Pays Nombre D'immigrés % Correct
1 Algérie 1,640,000
99%
2 Maroc 1,060,000
99%
4 Tunisie 440,000
95%
7 Espagne 280,000
91%
6 Italie 330,000
90%
3 Portugal 640,000
89%
14 Sénégal 130,000
82%
8 Allemagne 200,000
81%
9 Royaume-Uni 170,000
79%
10 Belgique 160,000
77%
15 Chine 130,000
76%
5 Turquie 340,000
75%
16 Suisse 110,000
67%
17 Côte d'Ivoire 100,000
64%
19 Pologne 90,000
55%
12 Roumanie 140,000
53%
20 Cameroun 90,000
51%
11 Vietnam 140,000
35%
13 Madagascar 140,000
23%
18 Serbie 100,000
23%
Aucun quiz correspondant
Distribution des résultats
% des personnes avec chaque résultat
Percentile par nombre de réponses
Votre historique - résultats
Vous n’avez pas pris ce quiz depuis la dernière actualisation